| 000 | 00475 a2200169 4500 | ||
|---|---|---|---|
| 003 | OSt | ||
| 005 | 20231223152052.0 | ||
| 008 | 231223b |||||||| |||| 00| 0 eng d | ||
| 020 | _a8181431944 | ||
| 040 | _coclc | ||
| 082 |
_a891.43 _bSIN/K |
||
| 100 |
_aSingh, Vikram _910213 |
||
| 245 |
_aKUCHH GHAME DAURAN / _cVikram, Singh, |
||
| 260 |
_aNew Delhi: _bVani Prakashan, _c2004. |
||
| 300 | _a287p | ||
| 942 |
_2ddc _cBK _h891.43 _iSIN/K _k891.43 _mSIN/K |
||
| 999 |
_c43561 _d43561 |
||